000 01619nam a22003371ib4500
003 OSt
005 20200517084721.0
008 200513t20192019nyubo j 001 0 eng d
020 _a9781489677228
_qhardback
_cRM121.45
040 _aPPAK
_beng
_cPPAK
_erda
082 0 4 _a362.4183
_223
090 0 0 _a362.4183
_bLAU
_dK
100 1 _aLaughlin, Kara L.,
_eauthor.
245 1 0 _aGuide Dogs /
_cKara L. Laughlin.
264 1 _aNew York, NY :
_bAV2 by Weigl,
_c[2019]
264 4 _c©2019
300 _a24 pages :
_bchiefly colour photographs ;
_c26 cm
336 _2rdacontent
_atext
336 _2rdacontent
_astill image
337 _2rdamedia
_aunmediated
338 _2rdacarrier
_avolume
490 1 _aDogs with jobs
500 _aIncludes index.
505 _aIt started with a buddy -- Guide dogs for the blind -- Guide dogs for the deaf -- Guide dogs for others -- Learning to lead -- Nellie, the hearing dog hero -- What makes a good guide dog? -- Minding manners -- Quiz.
520 _a"Did you know that seizure-alert dogs are one of only a few types of service dogs given to children? Some seizure dogs even go to school with their owners. Learn more about the work these dogs do in Seizure-Alert Dogs, a title in the Dogs with Jobs series. Each title in this series profiles a specific type of working dog, showcasing the role it performs and the training required to get the job done"
_cPublisher description.
521 _aGrades 4-6.
650 0 _aGuide dogs
_vJuvenile literature.
800 _aLaughlin, Kara L.
_tDogs with jobs
830 0 _aDogs with jobs (AV2 by Weigl)
942 _2ddc
_cAVB
999 _c177149
_d177149